| 000 | 01359cam a2200385 i 4500 | ||
|---|---|---|---|
| 999 |
_c200444644 _d62856 |
||
| 001 | 200444644 | ||
| 003 | TR-AnTOB | ||
| 005 | 20220317181905.0 | ||
| 007 | ta | ||
| 008 | 800312m1978 sz b i100 0 eng d | ||
| 010 | _a 80456675 | ||
| 015 | _aSw*** | ||
| 020 | _a9221017591 (report VII(2)) | ||
| 035 | _a(TR-AnTOB)200444644 | ||
| 040 |
_aDLC _beng _erda _cDLC _dDLC _dTR-AnTOB |
||
| 041 | 0 | _aeng | |
| 050 | 0 | 4 |
_aHD5106 _b.H68 1978 |
| 090 |
_aTOBBK HD5106 _b.H68 1978 |
||
| 245 | 0 | 0 |
_aHours of work and rest periods in road transport : _breport VII (2) / _cInternational Labour Office. |
| 264 | 1 |
_aGeneva : _bInternational Labour Office, _c1978. |
|
| 300 |
_a112 pages ; _c24 cm |
||
| 336 |
_atext _btxt _2rdacontent |
||
| 337 |
_aunmediated _bn _2rdamedia |
||
| 338 |
_avolume _bnc _2rdacarrier |
||
| 500 | _aAt head of title: International Labour Conference, 64th session, 1978, Report VII. | ||
| 500 | _aSeventh item on the agenda. | ||
| 650 | 0 |
_aHours of labor _vCongresses _935962 |
|
| 650 | 0 |
_aHighway transport workers _vCongresses _9133486 |
|
| 650 | 0 |
_aTruck drivers _xHealth and hygiene _vCongresses _9133487 |
|
| 710 | 2 |
_aInternational Labour Office _927101 |
|
| 711 | 2 |
_aInternational Labour Conference _n(65th : _d1979 : _cGeneva, Switzerland) _9133488 |
|
| 942 |
_2z _cBK |
||